| 000 | 00633nam a2200193 u 4500 | ||
|---|---|---|---|
| 005 | 20240919063955.0 | ||
| 008 | 180626s2014 r 000 0 eng d | ||
| 035 | _aUPN01000225759 | ||
| 049 | _aF | ||
| 050 | 4 |
_aJL1298 R4 _bD4.5 |
|
| 245 | 0 | 3 |
_aLa democracia ha logrado fraternidad, sin que nadie sacrifique libertad : _b31 de enero de 2014. |
| 260 |
_aMéxico : _bPRI, _c2014. |
||
| 300 |
_a11 p. : _bil. col. |
||
| 440 | 0 | _aDiscursos de la transformación | |
| 610 | 2 | 4 |
_aPartido Revolucionario Institucional (México) _96042 |
| 651 | 7 |
_aMéxico _xPolítica y gobierno _y2000- _2 _918481 |
|
| 905 | _aLibro | ||
| 999 |
_c197855 _d197855 |
||